|
|
|
|
| LEADER |
00826nam a2200217 a 4500 |
| 001 |
GR-MES5277 |
| 008 |
991111s1996 nyu 000 b eng d |
| 020 |
|
|
|a 0471961167
|
| 040 |
|
|
|a GrPaTEI
|b gre
|c GR-PaULI
|
| 245 |
0 |
0 |
|a Managing bank capital :
|b capital allocation and performance measurement.
|
| 260 |
|
|
|a New York :
|b Wiley,
|c 1996
|
| 300 |
|
|
|a ix,209σ.
|
| 650 |
|
4 |
|a Καπιταλισμός
|
| 650 |
|
4 |
|a Μάνατζμεντ
|
| 650 |
|
4 |
|a Τράπεζες
|
| 650 |
|
4 |
|a ΤΡΑΠΕΖΙΚΕΣ ΕΠΕΝΔΥΣΕΙΣ
|
| 700 |
1 |
|
|a Matten, c
|
| 942 |
|
|
|2 ddc
|
| 952 |
|
|
|0 0
|1 0
|2 ddc
|4 0
|6 332_106000000000000_81_MAT
|7 0
|9 275843
|a MSLG
|b MSLG
|c BSC
|d 2021-01-17
|e 24
|f 0
|g 0.00
|l 0
|o 332.106 81 MAT
|p 2420000014743
|r 2021-01-17 00:00:00
|t 1
|w 2021-01-17
|y BK15
|x 19991111 0 1
|x GrPaTEI
|
| 971 |
|
|
|a .b25837448
|b 15-04-20
|c 14-09-16
|
| 999 |
|
|
|c 159897
|d 159897
|